| 000 | 00495nam a2200217Ia 4500 | ||
|---|---|---|---|
| 003 | 0100 | ||
| 008 | 130303s9999 xx 000 0 und d | ||
| 020 | _a25671403 | ||
| 040 | _cARRUPELIB | ||
| 050 | _aR726.8.K79 | ||
| 100 | _aKubler-Ross, Elisabeth | ||
| 245 | _aLiving with death and dying | ||
| 260 | _aNew York | ||
| 260 | _bMacmillan | ||
| 260 | _C1981 | ||
| 300 | _ax | ||
| 300 | _b 181p. 22cm | ||
| 650 | _bBelief and doubt | ||
| 700 | _aElisabeth Kubler-Ross | ||
| 942 | 0 | 0 | _01 |
| 999 |
_c16742 _d16742 |
||